000
00300nam a22001457a 4500
008
210511b ||||| |||| 00| 0 eng d
020
_a
9780789310279
041
_a
eng
080
_a
7
082
_a
7
100
_a
44
101
_a
ART
245
_a
The Last Supper
_c
Vinci,L.D
942
_2
udc
_c
BK
999
_c
57265
_d
57265